[Event "72nd ch-ITA 2012"]
[Site "Torino ITA"]
[Date "2012.11.09"]
[Round "10"]
[White "Garcia Palermo, Carlos"]
[Black "Rombaldoni, Axel"]
[Result "1/2-1/2"]
[WhiteTitle "GM"]
[BlackTitle "IM"]
[WhiteElo "2481"]
[BlackElo "2446"]
[WhiteFideId "110124"]
[BlackFideId "815837"]
[EventDate "2012.10.30"]

1. c4 Nf6 2. Nf3 g6 3. b4 Bg7 4. Bb2 d6 5. e3 e5 6. d3 O-O 7. Be2 a5 8. b5 e4 9.
dxe4 Nxe4 10. Bxg7 Kxg7 11. Qd4+ Qf6 12. Nfd2 Qxd4 13. exd4 Re8 14. Nxe4 Rxe4
15. Nc3 Rxd4 16. Nd5 Rxd5 17. cxd5 Nd7 18. Kd2 b6 19. Rac1 Nc5 20. Rhe1 Kf8 21.
h4 Bd7 22. Bc4 a4 23. a3 Ra5 24. Rb1 Bf5 25. Rb4 Ne4+ 26. Ke3 Nc5 27. Re2 h5 28.
f3 Kg7 29. Kd2 Bd7 30. Re3 Ra8 31. Be2 Kf8 32. Kc3 Kg7 33. Rf4 f5 34. g4 Kf6 35.
g5+ Kf7 36. Rd4 Kf8 37. f4 Be8 38. Rd1 Bf7 39. Bc4 Ra5 40. Rde1 Ra8 41. Re7 Ra7
42. R1e3 Rb7 43. Be2 Ra7 44. Bf3 Rb7 45. Kc4 Ra7 46. Bd1 Rb7 47. Bc2 Ra7 48. Re2
Rb7 49. Re1 Ra7 50. R1e3 Rb7 51. R7e6 Bxe6 52. dxe6 Ke7 53. Kd5 Ra7 54. Kc6 Ra5
55. Bd3 Ra7 56. Bc4 Nb7 57. Kxc7 Na5+ 58. Kxb6 Nxc4+ 59. Kxa7 Nxe3 60. b6 Nc4
61. Ka6 Nxb6 62. Kxb6 d5 63. Kb5 Kxe6 64. Kc5 d4 65. Kxd4 Kd6 66. Kc4 Kc6 67.
Kd4 Kd6 1/2-1/2

[Event "72nd ch-ITA 2012"]
[Site "Torino ITA"]
[Date "2012.11.09"]
[Round "10"]
[White "Caprio, Guido"]
[Black "Altini, Nicola"]
[Result "1-0"]
[WhiteTitle "IM"]
[BlackTitle "FM"]
[WhiteElo "2392"]
[BlackElo "2354"]
[WhiteFideId "834580"]
[BlackFideId "833924"]
[EventDate "2012.10.30"]

1. e4 e5 2. Nf3 Nc6 3. Bb5 Nf6 4. d3 Bc5 5. c3 O-O 6. O-O d6 7. Nbd2 a6 8. Bxc6
bxc6 9. h3 Bb6 10. Re1 h6 11. Nf1 Nh5 12. d4 Qf6 13. Be3 Nf4 14. Ng3 g5 15. Nh2
Re8 16. Ng4 Qg6 17. dxe5 dxe5 18. Nf5 h5 19. Bxb6 hxg4 20. Bxc7 gxh3 21. g3 Ng2
22. Ne7+ Rxe7 23. Qd8+ Kh7 24. Qxe7 Nxe1 25. Rxe1 Qh5 26. Qf6 h2+ 27. Kg2 Be6
28. Bxe5 Rg8 29. b3 c5 30. c4 g4 31. Rd1 Bc8 32. Qh4 Qxh4 33. gxh4 Bb7 34. Kxh2
Bxe4 35. Kg3 Re8 36. Kf4 Bg6 37. Rd6 Re6 38. Rxe6 fxe6 39. a3 a5 40. Bc3 Bc2 41.
Bxa5 Bxb3 42. Bb6 Bxc4 43. Bxc5 Be2 44. a4 Kg6 45. a5 Kf6 46. Bd6 Kg6 47. Ke5
Kh5 48. Be7 Bc4 49. Bg5 Kg6 50. Bf4 Kh5 51. Bg3 Kg6 52. Kd4 Bf1 53. Kc5 Kf5 54.
Kb6 1-0

[Event "72nd ch-ITA 2012"]
[Site "Torino ITA"]
[Date "2012.11.09"]
[Round "10"]
[White "Bellini, Fabio"]
[Black "David, Alberto"]
[Result "1/2-1/2"]
[WhiteTitle "IM"]
[BlackTitle "GM"]
[WhiteElo "2492"]
[BlackElo "2590"]
[WhiteFideId "800252"]
[BlackFideId "4000013"]
[EventDate "2012.10.30"]

1. e4 Nf6 2. e5 Nd5 3. d4 d6 4. c4 Nb6 5. exd6 exd6 6. Nc3 Be7 7. Bd3 Nc6 8.
Nge2 Bg4 9. h3 Bh5 10. g4 Bg6 11. Bxg6 hxg6 12. b3 Bg5 13. d5 Bxc1 14. dxc6 Bb2
15. cxb7 Bxa1 16. bxa8=Q Bxc3+ 17. Nxc3 Qxa8 18. f3 O-O 19. Kf2 a5 20. Re1 a4
21. Re7 axb3 22. axb3 Qa5 23. Nd5 Nxd5 24. cxd5 Qc5+ 25. Kg3 Ra8 1/2-1/2

[Event "72nd ch-ITA 2012"]
[Site "Torino ITA"]
[Date "2012.11.09"]
[Round "10"]
[White "Dvirnyy, Daniyyl"]
[Black "Brunello, Sabino"]
[Result "1/2-1/2"]
[WhiteTitle "IM"]
[BlackTitle "GM"]
[WhiteElo "2522"]
[BlackElo "2591"]
[WhiteFideId "817570"]
[BlackFideId "813613"]
[EventDate "2012.10.30"]

1. e4 c6 2. d4 d5 3. Nc3 dxe4 4. Nxe4 Bf5 5. Ng3 Bg6 6. h4 h6 7. Nf3 Nd7 8. h5
Bh7 9. Bd3 Bxd3 10. Qxd3 e6 11. Bd2 Ngf6 12. O-O-O Bd6 13. Ne4 Bc7 14. Nxf6+
Nxf6 15. Rde1 Qe7 16. c4 O-O-O 17. Qc2 Rhe8 18. Bc3 Ng4 19. Kb1 Kb8 20. Qe2 Qf6
21. Nd2 Qf5+ 22. Ka1 e5 23. f3 exd4 24. Qxe8 dxc3 25. Qe4 Qg5 26. fxg4 Qxd2 27.
Re2 cxb2+ 28. Kb1 Qc3 29. Rc2 Qe5 30. Qf3 Qd4 31. Qxf7 Be5 32. Qf3 a5 33. Re1
Bf6 34. Qe2 a4 35. a3 Qb6 36. g5 hxg5 37. Rxb2 Bxb2 38. Qxb2 Qxb2+ 39. Kxb2 Rd3
40. Re7 Rb3+ 41. Kc2 Rxa3 42. Rxg7 Rg3 43. h6 Ka7 44. h7 Rxg2+ 45. Kc3 Rh2 46.
Kb4 Rh4 47. Rxg5 Rxh7 48. Kxa4 b6 49. Rg3 Ka6 50. Rg6 c5 51. Rg3 Rh1 52. Kb3 Ka5
53. Rf3 Rb1+ 54. Kc2 Ra1 55. Kb3 Rg1 56. Rh3 Rf1 57. Rg3 Re1 58. Rh3 Rf1 59. Rg3
Rf4 60. Rh3 Rg4 61. Rf3 Rh4 62. Rg3 Rh1 63. Rf3 Rb1+ 64. Kc2 Rb4 65. Ra3+ Ra4
66. Kb3 Rxa3+ 67. Kxa3 Ka6 68. Kb3 Kb7 69. Kc3 Kc7 70. Kc2 Kc6 71. Kc3 Kd6 72.
Kd3 Kd7 73. Kd2 Ke6 74. Ke2 Kf5 75. Kf3 Ke5 76. Ke3 Kd6 77. Kd3 1/2-1/2

[Event "72nd ch-ITA 2012"]
[Site "Torino ITA"]
[Date "2012.10.10"]
[Round "11"]
[White "Altini, Nicola"]
[Black "Godena, Michele"]
[Result "0-1"]
[WhiteTitle "FM"]
[BlackTitle "GM"]
[WhiteElo "2354"]
[BlackElo "2526"]
[WhiteFideId "833924"]
[BlackFideId "800090"]
[EventDate "2012.10.30"]

1. d4 Nc6 2. d5 Ne5 3. e4 e6 4. f4 exd5 5. Qxd5 Nc6 6. Qd1 Bb4+ 7. c3 Bc5 8. Qf3
d6 9. Be3 Bxe3 10. Qxe3 Nf6 11. Nd2 O-O 12. O-O-O Re8 13. Qg3 Nxe4 14. Nxe4 Rxe4
15. Bd3 Re8 16. Nf3 Qf6 17. Ng5 Bf5 18. Bc4 Bg6 19. h4 h5 20. Qf3 Ne7 21. g4
hxg4 22. Qxg4 d5 23. Bxd5 Bf5 24. Qf3 Nxd5 25. Rxd5 c6 26. Rd2 Rad8 27. Rhd1
Rxd2 28. Rxd2 Qe7 29. Qd1 f6 30. Qb3+ Kh8 31. Qf7 Qe1+ 32. Rd1 Qe3+ 33. Rd2 Qe1+
34. Rd1 Qe3+ 35. Rd2 fxg5 36. Qxf5 Rd8 0-1

[Event "72nd ch-ITA 2012"]
[Site "Torino ITA"]
[Date "2012.10.10"]
[Round "11"]
[White "De Filomeno, Simone"]
[Black "Garcia Palermo, Carlos"]
[Result "0-1"]
[WhiteTitle "FM"]
[BlackTitle "GM"]
[WhiteElo "2356"]
[BlackElo "2481"]
[WhiteFideId "828688"]
[BlackFideId "110124"]
[EventDate "2012.10.30"]

1. e4 c6 2. d4 d5 3. Nd2 dxe4 4. Nxe4 Bf5 5. Ng3 Bg6 6. Nf3 Nd7 7. Bd3 Bxd3 8.
Qxd3 e6 9. O-O Ngf6 10. b3 Be7 11. Bb2 a5 12. a3 O-O 13. c4 Qc7 14. Rac1 Rfd8
15. Qe2 Qb6 16. Qc2 Qa6 17. Rfe1 b5 18. Ng5 bxc4 19. bxc4 Rab8 20. a4 Qb7 21.
Bc3 Bb4 22. Rb1 h6 23. N5e4 Qa6 24. Bxb4 axb4 25. c5 Nd5 26. Nd6 Nc3 27. Rb3 Nf6
28. Re3 Ncd5 29. Nge4 Qxa4 30. Nxf6+ Nxf6 31. Qb2 Ra8 0-1

[Event "72nd ch-ITA 2012"]
[Site "Torino ITA"]
[Date "2012.10.10"]
[Round "11"]
[White "Rombaldoni, Denis"]
[Black "Genocchio, Daniele"]
[Result "1-0"]
[WhiteTitle "IM"]
[BlackTitle "IM"]
[WhiteElo "2511"]
[BlackElo "2443"]
[WhiteFideId "813575"]
[BlackFideId "806463"]
[EventDate "2012.10.30"]

1. d4 f5 2. e4 fxe4 3. Nc3 Nf6 4. Bg5 Nc6 5. d5 Ne5 6. Qd4 Nf7 7. Bxf6 exf6 8.
Nxe4 f5 9. Ng3 g6 10. O-O-O Bh6+ 11. Kb1 O-O 12. Nf3 Bg7 13. Qd2 Qf6 14. c3 c5
15. d6 b5 16. Bxb5 Bb7 17. Bc4 Bxf3 18. gxf3 Rab8 19. Ka1 Kh8 20. Bxf7 Qxf7 21.
h4 Qc4 22. Qd3 Qa4 23. Ne2 Rfe8 24. h5 Rxb2 25. Kxb2 c4 26. Qd2 Rxe2 27. Qxe2
Qb4+ 28. Kc1 Qxc3+ 29. Qc2 Qa3+ 30. Kd2 Qxf3 31. Qxc4 Qxf2+ 32. Kd3 Qf3+ 33. Kc2
Qg2+ 34. Rd2 1-0

[Event "72nd ch-ITA 2012"]
[Site "Torino ITA"]
[Date "2012.10.10"]
[Round "11"]
[White "Brunello, Sabino"]
[Black "Bellini, Fabio"]
[Result "1/2-1/2"]
[WhiteTitle "GM"]
[BlackTitle "IM"]
[WhiteElo "2591"]
[BlackElo "2492"]
[WhiteFideId "813613"]
[BlackFideId "800252"]
[EventDate "2012.10.30"]

1. d4 e6 2. c4 Bb4+ 3. Nc3 f5 4. g4 Nf6 5. gxf5 O-O 6. Nf3 d5 7. Rg1 Kh8 8. Qd3
c5 9. a3 Bxc3+ 10. bxc3 exf5 11. dxc5 Nc6 12. cxd5 Qxd5 13. Qxd5 Nxd5 14. c4 Nf6
15. Rb1 Bd7 16. Bb2 Rab8 17. Bh3 Na5 18. Be5 Rbc8 19. Bd6 Rfe8 20. Ne5 Be6 21.
Bxf5 g6 22. Bd3 b6 23. cxb6 axb6 24. f4 Nxc4 25. Nxc4 Bxc4 26. Bxc4 Rxc4 27. Be5
Re6 28. Kf2 Kg8 29. Rbd1 Kf7 30. Kf3 Ke7 31. Rc1 Rec6 32. Rxc4 Rxc4 33. Rb1 Nd7
34. Ba1 Ra4 35. Rb3 Nc5 36. Re3+ Kd7 37. Bf6 Kc6 38. Be7 Kd5 39. Rc3 Ra7 40. Bf6
Rf7 41. Bd8 Ne6 42. e3 g5 43. Bxb6 gxf4 44. e4+ Ke5 45. h4 Rb7 46. Bf2 Rb2 47.
Rd3 Ra2 48. Rd5+ Kf6 49. Ra5 Rb2 50. a4 Rb3+ 51. Kg4 Rb2 52. e5+ Kf7 53. Ra7+
Kg8 54. Kf3 Rb3+ 55. Ke4 Rb2 56. Kd5 Rxf2 57. Kxe6 Rg2 58. Rf7 Rg4 59. a5 Rxh4
60. a6 f3 61. Rxf3 Ra4 62. Ke7 h5 63. e6 Kg7 64. Rg3+ Kh6 65. Kf6 h4 66. Rg8 Kh5
67. e7 Rxa6+ 68. Kf5 Ra5+ 69. Ke4 Ra4+ 70. Kd3 Ra3+ 71. Kc2 Ra2+ 72. Kb3 Re2 73.
e8=Q+ Rxe8 74. Rxe8 h3 75. Kc3 Kg4 76. Kd2 h2 77. Rh8 Kg3 78. Ke2 Kg2 79. Rg8+
Kh1 80. Kf2 1/2-1/2